Determine Importance (Record no. 25422)

MARC details
000 -LEADER
fixed length control field 00590nam a22001937a 4500
003 - CONTROL NUMBER IDENTIFIER
control field OSt
005 - DATE AND TIME OF LATEST TRANSACTION
control field 20260629151029.0
008 - FIXED-LENGTH DATA ELEMENTS--GENERAL INFORMATION
fixed length control field 260629b |||||||| |||| 00| 0 eng d
040 ## - CATALOGING SOURCE
Transcribing agency Chuka University Library
050 ## - LIBRARY OF CONGRESS CALL NUMBER
Classification number LB 1573.7 .H37 2005
100 ## - MAIN ENTRY--PERSONAL NAME
Personal name Hervey Stephanie
9 (RLIN) 31629
245 ## - TITLE STATEMENT
Title Determine Importance
260 ## - PUBLICATION, DISTRIBUTION, ETC.
Place of publication, distribution, etc. Heinemann
Name of publisher, distributor, etc. Firsthand
Date of publication, distribution, etc. 2005
300 ## - PHYSICAL DESCRIPTION
Extent Various Pagings
650 ## - SUBJECT ADDED ENTRY--TOPICAL TERM
Topical term or geographic name entry element Reading Comprehension ---Study and Teaching (Elementary)
650 ## - SUBJECT ADDED ENTRY--TOPICAL TERM
Topical term or geographic name entry element Thought and Thinking---Study and Teaching (Elementary)
700 ## - ADDED ENTRY--PERSONAL NAME
Personal name Anne Goudvis
9 (RLIN) 31630
942 ## - ADDED ENTRY ELEMENTS (KOHA)
Source of classification or shelving scheme Library of Congress Classification
Koha item type Long Loan Books
Suppress in OPAC No
Holdings
Withdrawn status Lost status Source of classification or shelving scheme Damaged status Not for loan Collection Home library Current library Date acquired Source of acquisition Cost, normal purchase price Total Checkouts Full call number Barcode Date last seen Price effective from Koha item type
    Library of Congress Classification     General Collection Books Main Campus Library Main Campus Library 29/06/2026 Donations From Books For Africa 2340.20   LB 1573.7 .H37 2005 35781/2026 29/06/2026 29/06/2026 Long Loan Books

Powered by Koha